Sports Quiz

Random Sports or MLB Quiz

MLB 60 HR Season Club Quiz Stats

Quiz not verified by Sporcle

Challenge
Share
Tweet
Embed
Score 0/8 Timer 01:30
0 Plays Today
HR's Player % Correct
73Barry Bonds
98.7%
66Sammy Sosa
98.1%
64Sammy Sosa
98.1%
63Sammy Sosa
98.1%
60Babe Ruth
97.5%
70Mark McGwire
96.8%
65Mark McGwire
96.8%
61Roger Maris
93.7%

You're not logged in!

Compare scores with friends on all Sporcle quizzes.
Join for Free
OR
Log In

You Might Also Like...

Show Comments

Extras

Top Quizzes Today


Score Distribution

Your Account Isn't Verified!

In order to create a playlist on Sporcle, you need to verify the email address you used during registration. Go to your Sporcle Settings to finish the process.

Report this User

Report this user for behavior that violates our Community Guidelines.

Details: